Teoría y práctica del bolchevismo
Saved in:
| Hovedforfatter: | |
|---|---|
| Format: | Bog |
| Sprog: | spansk |
| Udgivet: |
Barcelona
Ariel
1969
|
| Udgivelse: | 1a. ed |
| Serier: | Ariel Quincenal
|
| Fag: | |
| Tags: |
Tilføj Tag
Ingen Tags, Vær først til at tagge denne postø!
|
MARC
| LEADER | 00000cam a2200000 a 4500 | ||
|---|---|---|---|
| 001 | UCP6592 | ||
| 003 | CL-VaPUC | ||
| 008 | 991029e19690000SP |||||||||||||||||spa|d | ||
| 082 | 0 | 4 | |a 324.175 |b RUS |2 21 |
| 100 | 0 | |a Russel, Bertrand |e author |9 435785 | |
| 245 | 1 | 0 | |a Teoría y práctica del bolchevismo |
| 250 | |a 1a. ed | ||
| 300 | |a 171 p | ||
| 942 | |c BK | ||
| 945 | |d 19991029 00:00:00 |a crobeson | ||
| 260 | |a Barcelona |b Ariel |c 1969 | ||
| 600 | 0 | |a Lenin, Vladimir Ilich |d 1870-1924 |9 319799 | |
| 600 | 0 | 7 | |a TROTSKI, LEON |2 CL-VaPUC |9 267768 |
| 600 | 0 | 7 | |a GORKI, MAXIMO |2 CL-VaPUC |9 352808 |
| 650 | 7 | |a BOLCHEVISMO |2 CL-VaPUC |9 378879 | |
| 650 | 0 | |a Comunismo |9 255588 | |
| 650 | 0 | |a Revolución rusa |9 343225 | |
| 650 | 0 | |a Democracia |9 255256 | |
| 650 | 7 | |a REVOLUCION |2 CL-VaPUC |9 338298 | |
| 650 | 0 | |a Dictadura |9 341206 | |
| 650 | 7 | |a TEORIA POLITICA |2 CL-VaPUC |9 435786 | |
| 583 | |a last modification |c 20160620 02:34:53 |k Rodrigo Vera | ||
| 490 | 0 | |a Ariel Quincenal | |
| 999 | |c 284099 |d 284097 | ||
| 952 | |0 0 |1 0 |4 0 |6 324_175000000000000_RUS_1969 |7 0 |8 A |9 327848 |a BIBHIS |b BIBHIS |d 2019-11-20 |i 1370820 |o 324.175 RUS 1969 |p 1370820 |r 2025-01-20 |w 2019-11-20 |y BK |k HIS | ||
| 952 | |0 0 |1 0 |4 0 |6 324_175000000000000_RUS_1969 |7 0 |8 A |9 327849 |a BIBHIS |b BIBHIS |d 2019-11-20 |i 1370839 |o 324.175 RUS 1969 |p 1370839 |r 2025-01-20 |w 2019-11-20 |y BK |k HIS | ||
| 952 | |0 0 |1 0 |4 0 |6 324_175000000000000_RUS_1969 |7 0 |8 A |9 327850 |a BIBHIS |b BIBHIS |d 2019-11-20 |i 1259822 |o 324.175 RUS 1969 |p 1259822 |r 2025-01-20 |w 2019-11-20 |y BK |k HIS | ||
| 952 | |0 0 |1 0 |3 erb |4 0 |6 324_175000000000000_RUS_1969 |7 0 |8 A |9 327851 |a FDOHBE |b FDOHBE |e Huesbe Llanos, Marco Antonio, 1934- |i 5309824 |o 324.175 RUS 1969 |p 5309824 |r 2024-01-30 |w 2019-11-20 |y BK |z Catalogado en:20160623 |k HBE | ||